Word Study in The New Testament/ (Record no. 9718)
[ view plain ]
| 000 -LEADER | |
|---|---|
| fixed length control field | 00715nam a22002177a 4500 |
| 003 - CONTROL NUMBER IDENTIFIER | |
| control field | OSt |
| 005 - DATE AND TIME OF LATEST TRANSACTION | |
| control field | 20251029074146.0 |
| 008 - FIXED-LENGTH DATA ELEMENTS--GENERAL INFORMATION | |
| fixed length control field | 251029b |||||||| |||| 00| 0 eng d |
| 010 ## - LIBRARY OF CONGRESS CONTROL NUMBER | |
| LC control number | 10007636 |
| 020 ## - INTERNATIONAL STANDARD BOOK NUMBER | |
| International Standard Book Number | 0-917006-30-5 |
| 040 ## - CATALOGING SOURCE | |
| Transcribing agency | Macdonald Publishing Company |
| 050 ## - LIBRARY OF CONGRESS CALL NUMBER | |
| Classification number | BS 2380 .V5 1887 |
| Item number | V5 1887 |
| 100 ## - MAIN ENTRY--PERSONAL NAME | |
| Personal name | MARVIN R. Vincent |
| 245 ## - TITLE STATEMENT | |
| Title | Word Study in The New Testament/ |
| Statement of responsibility, etc. | Vincent, R. MARVIN |
| 250 ## - EDITION STATEMENT | |
| Edition statement | The Epistle of Paul |
| 260 ## - PUBLICATION, DISTRIBUTION, ETC. | |
| Place of publication, distribution, etc. | Mclean, Virginia 22102 |
| Name of publisher, distributor, etc. | Macdonald Publishing Company |
| Date of publication, distribution, etc. | 1887 |
| 300 ## - PHYSICAL DESCRIPTION | |
| Extent | xxxix, 565p.: |
| Other physical details | Hardcover,; Col.: Include Bibliograhy,/ |
| Dimensions | 21.3cm |
| Accompanying material | Null |
| 490 ## - SERIES STATEMENT | |
| Series statement | The Epistle of Paul |
| Volume/sequential designation | Volume III |
| 700 ## - ADDED ENTRY--PERSONAL NAME | |
| Personal name | Marvin R. Vincent |
| 942 ## - ADDED ENTRY ELEMENTS (KOHA) | |
| Source of classification or shelving scheme | Library of Congress Classification |
| Koha item type | Books |
| Edition | Volume III |
| Suppress in OPAC | No |
No items available.